| 000 | 00787nam a22002777a 4500 | ||
|---|---|---|---|
| 003 | UA-OsUOA | ||
| 001 | 26725 | ||
| 007 | ta | ||
| 008 | 20040608b un ||||| |||| 00| 0 ukr d | ||
| 100 | _aНовицкий П.В. | ||
| 700 | _aЗограф И.А. | ||
| 090 |
_a621 _bН73 |
||
| 942 | _cBK | ||
| 040 |
_aUA-OsUOA _brus _cUA-OsUOA _dUA-OsUOA |
||
| 245 | _aОценка погрешностей результатов измерений | ||
| 300 |
_a304 с. _bІлюстрації |
||
| 955 | _a0 | ||
| 041 | _arus | ||
| 080 | _a621 | ||
| 020 | _a5-283-04513-7 | ||
| 260 |
_aЛенинград _bЭнергоатомиздат.Ленингр. отд-ние _c1991 |
||
| 044 | _aRU | ||
| 250 | _n2-е изд., перераб. и доп. | ||
| 650 | 7 | _2UDC | |
| 999 |
_c313053 _d313053 |
||